Top 25 reprezentacji i ich najlepsza karta z fify 21 - Statystyki

Ogólne statystyki
  • Ten quiz został rozwiązany 103 razy
  • Średni wynik to 23 z 25
Statystyki odpowiedzi
Hint Odpowiedź % Poprawnych
93/Messi Argentyna
100%
92/Lewandowski Polska
100%
92/Ronaldo Portugalia
100%
91/Neymar Brazylia
98%
90/Mbappe Francja
98%
89/Ramos Hiszpania
98%
90/Dijk Holandia
98%
91/De Bruyne Belgia
97%
87/Modrić Chorwacja
97%
90/Stegen Niemcy
97%
91/Oblak Słowenia
97%
89/Kane Anglia
96%
87/Suarez Urugwaj
96%
87/Immobile Włochy
96%
90/Salah Egipt
94%
89/Son Korea Południowa
93%
87/Haaland Norwegia
92%
88/Mane Senegal
90%
87/Robertson Szkocja
88%
89/Navas Kostaryka
85%
86/Skriniar Słowacja
84%
85/Aubameyang Gabon
81%
85/Mahrez Algieria
79%
85/Gulacsi Węgry
78%
85/Savić Serbia
52%
Nie znaleziono quizów pasujących do podanych kryteriów
Rozkład punktacji
Procent ludzi z każdym wynikiem
Percentyl według liczby udzielonych odpowiedzi
Twoja historia wyników
Nie rozwiązałeś tego quizu